Moscow or Saint Petersburg? - Statistics

General Stats
  • This quiz has been taken 151 times
  • The average score is 16 of 22
Answer Stats
Question Answer % Correct
Was previously known as 'Leningrad' Saint Petersburg
100%
Which one is Moskva in the Cyrillic Alphabet (Note: Moskva is Moscow in Russian) Москва
97%
At the centre of this city there is the Red Square Moscow
97%
Borders the Gulf of Finland Saint Petersburg
94%
Was founded by Peter the Great Saint Petersburg
94%
In this city you can find the Winter Palace Saint Petersburg
91%
In terms of federal subjects or sub-divisions of Russia it is classified as a federal city Both
82%
Is found on the UTC+3:00 time zone Both
79%
Was invaded by Napoleon Moscow
79%
Has held the Olympics more times Moscow
79%
This city is home to the State Hermitage Museum which is the 3ʳᵈ largest museum in the world Saint Petersburg
79%
Select the flag of Moscow
73%
Was the capital of Russia / the Soviet Union in 1922 Moscow
70%
City were the October Revolution took place Saint Petersburg
70%
Place of birth of Tsar Alexander I Saint Petersburg
67%
Place of birth of Vladimir Putin Saint Petersburg
67%
Which one is Sankt Peterburg in the Cyrillic Alphabet (Note: Sankt Peterburg is Saint Petersburg in Russian) Санкт-Петербург
64%
Select the flag of Saint Petersburg
48%
Place of birth of Fyodor Dostoevsky Moscow
48%
Located in a Dfb climate in the Köppen Classification (Note: Dfb consists of warm summers and every month has an average temperature of below 22°C) Both
45%
Has the highest skyscraper in Europe Saint Petersburg
33%
Has more UNESCO World Heritage Sites Moscow
30%
No matching quizzes found
Score Distribution
Percent of People with Each Score
Percentile by Number Answered
Your Score History
You have not taken this quiz